000
00272nam a2200121 a 4500
005
20141022142006.0
008
080922s19uu xx 00 eng d
050
_a
VCD
_b
L66 2003
245
_a
The lion king.
650
_a
VCD.
650
_a
The lion king.
942
_c
AVM
999
_c
276491
_d
276491